English Words of Hawaiian Origin - Statistics

General Stats
  • This quiz has been taken 94 times
  • The average score is 5 of 8
Answer Stats
Definition Word % Correct
Hawaiian word used when greeting or parting from someone. Aloha
100%
Small four-stringed guitar of Hawaiian origin. Ukulele
87%
Dance performed by Hawaiian women, characterized by six basic steps. Hula
79%
Polynesian garland of flowers. Lei
77%
Hawaiian dish made from the fermented root of the taro which has been baked and pounded to a paste. Poi
60%
Website or database developed collaboratively by a community of users, allowing any user to add and edit content. Wiki
56%
Prohibited or restricted by social custom. Taboo
53%
Impersonal supernatural power which can be transmitted or inherited. Mana
31%
No matching quizzes found
Score Distribution
Percent of People with Each Score
Percentile by Number Answered
Your Score History
You have not taken this quiz